000 00493nam a2200193Ia 4500
003 GCL
008 140319s9999 xx 000 0 ara d
040 _aGCL /
_cGCL
082 0 4 _a220
_bم د
100 1 _aمحمد قطب
245 1 0 _aدراسات قرانية /
_cمحمد قطب
260 _a[S.N] :
_bدار الشروق ،
_c1993
300 _a535 ص
490 _a
650 0 4 _aقصص الانبياء
650 0 4 _aالايمان
650 0 4 _aالقران
942 _2ddc
_cBK
999 _c42208
_d42208